000 00415nam a22001577a 4500
003 OSt
005 20140311163159.0
008 140227t xxu||||| |||| 00| 0 eng d
050 _aLB 1032
_b.L57 1995
100 _aLloyd, Chris
_930767
245 _aManaging Classroom Collaboration /
_cChris Lloyd.
260 _aNew York :
_bCassell,
_cc1995.
300 _bill. ;
_c32 cm.
942 _2lcc
_cBK-TR
999 _c42464
_d42464